[Event "Montigny le Bretonneux Noel op 17th"]
[Site "Montigny le Bretonneux"]
[Date "2016.12.29"]
[Round "6"]
[White "Saugrain, Marc Antoine"]
[Black "Nguyen, Hai Long"]
[Result "1-0"]
[WhiteElo "1821"]
[BlackElo "1567"]
[PlyCount "55"]
[EventDate "2016.12.26"]
[EventType "swiss"]
[EventRounds "7"]
[EventCountry "FRA"]
[SourceTitle "CBM 176 Extra"]
[Source "ChessBase"]
[SourceDate "2017.03.02"]
[SourceVersion "1"]
[SourceVersionDate "2017.03.02"]
[SourceQuality "1"]

1. e4 c5 2. c3 Nf6 3. e5 Nd5 4. d4 cxd4 5. Nf3 d6 6. cxd4 Nc6 7. Bc4 e6 8. 0-0 Be7 9. Bxd5 exd5 10. Nc3 dxe5 11. dxe5 Be6 12. Be3 0-0 13. Nb5 a6 14. Nbd4 Nxd4 15. Nxd4 Bd7 16. Qb3 Bc6 17. e6 f5 18. Rac1 Rc8 19. Nxc6 bxc6 20. Qb7 Qc7 21. Qxa6 f4 22. Bd4 c5 23. b4 c4 24. Qb5 Rfd8 25. Bb6 Qb7 26. a4 Rd6 27. a5 Bd8 28. Qe8# 1-0

[Event "Montigny le Bretonneux Noel op 17th"]
[Site "Montigny le Bretonneux"]
[Date "2016.12.28"]
[Round "4"]
[White "Saugrain, Marc Antoine"]
[Black "Houhou, Alexandre"]
[Result "1-0"]
[WhiteElo "1821"]
[BlackElo "1679"]
[PlyCount "64"]
[EventDate "2016.12.26"]
[EventType "swiss"]
[EventRounds "7"]
[EventCountry "FRA"]
[SourceTitle "CBM 176 Extra"]
[Source "ChessBase"]
[SourceDate "2017.03.02"]
[SourceVersion "1"]
[SourceVersionDate "2017.03.02"]
[SourceQuality "1"]

1. e4 e6 2. d4 d5 3. e5 c5 4. c3 Nc6 5. Nf3 Qb6 6. Be2 cxd4 7. cxd4 Nh6 8. Bd3 Bd7 9. Bc2 Nb4 10. Bxh6 Nxc2+ 11. Qxc2 Rc8 12. Nc3 gxh6 13. 0-0 a5 14. Rfe1 a4 15. a3 Rc4 16. Qd2 Qb3 17. Re3 Qb6 18. Rd1 Rg8 19. Ne1 Be7 20. f4 Rxd4 21. Qxd4 Bc5 22. Qd3 Bxe3+ 23. Kh1 Bxf4 24. Qxh7 Rg6 25. Nd3 Qe3 26. Qh8+ Ke7 27. Qb8 Bxe5 28. Nxe5 Rg7 29. Nxd7 Qf2 30. Nxd5+ exd5 31. Qe5+ Kxd7 32. Qxg7 Qe2 1-0

[Event "Montigny le Bretonneux Noel op 17th"]
[Site "Montigny le Bretonneux"]
[Date "2016.12.27"]
[Round "2"]
[White "Saugrain, Marc Antoine"]
[Black "Chaintreau, Thomas"]
[Result "1-0"]
[WhiteElo "1821"]
[BlackElo "1099"]
[PlyCount "75"]
[EventDate "2016.12.26"]
[EventType "swiss"]
[EventRounds "7"]
[EventCountry "FRA"]
[SourceTitle "CBM 176 Extra"]
[Source "ChessBase"]
[SourceDate "2017.03.02"]
[SourceVersion "1"]
[SourceVersionDate "2017.03.02"]
[SourceQuality "1"]

1. e4 e5 2. Nf3 Nc6 3. Bb5 d6 4. d4 exd4 5. Nxd4 Bd7 6. Bxc6 Bxc6 7. Nc3 d5 8. exd5 Bxd5 9. 0-0 Bc4 10. Re1+ Ne7 11. Bf4 g6 12. Ndb5 Qxd1 13. Raxd1 Bxb5 14. Nxb5 Rc8 15. Nxc7+ Rxc7 16. Bxc7 f6 17. g3 Bg7 18. Rd8+ Kf7 19. Rd7 Re8 20. Bd6 Bf8 21. Rxb7 Kg8 22. Bxe7 Bxe7 23. Rexe7 Rxe7 24. Rxe7 a5 25. c4 h6 26. c5 Kf8 27. Ra7 Ke8 28. c6 Kd8 29. Rxa5 Kc7 30. Rc5 Kb6 31. Rc3 Kc7 32. b4 f5 33. b5 g5 34. b6+ Kxb6 35. c7 Kb5 36. c8Q f4 37. Rb3+ Ka5 38. Qa8# 1-0

[Event "Montigny le Bretonneux Noel op 16th"]
[Site "Montigny le Bretonneux"]
[Date "2015.12.28"]
[Round "3"]
[White "Fischer, Jean Claude"]
[Black "Saugrain, Marc Antoine"]
[Result "1-0"]
[WhiteElo "1758"]
[BlackElo "1573"]
[PlyCount "65"]
[EventDate "2015.12.27"]
[EventType "swiss"]
[EventRounds "7"]
[EventCountry "FRA"]
[SourceTitle "CBM 170 Extra"]
[Source "ChessBase"]
[SourceDate "2016.02.25"]
[SourceVersion "1"]
[SourceVersionDate "2016.02.25"]
[SourceQuality "1"]

1. e4 e6 2. d4 d5 3. e5 c5 4. c3 Nc6 5. Bb5 Qb6 6. Bxc6+ bxc6 7. Ne2 Ne7 8. Nd2 Nf5 9. Qb3 cxd4 10. Qxb6 axb6 11. Nxd4 Nxd4 12. cxd4 Ba6 13. f4 Be7 14. Nf3 0-0 15. Bd2 c5 16. Bc3 c4 17. 0-0 b5 18. a3 Rfb8 19. Bb4 Bxb4 20. axb4 Bc8 21. Ra5 Rxa5 22. bxa5 b4 23. Ra1 Ba6 24. Kf2 h6 25. Ke3 Kh7 26. g3 Kg6 27. h3 Kh7 28. Kd2 Kg8 29. Kc2 c3 30. b3 Kf8 31. Ne1 Ke7 32. Nd3 Kd7 33. Nc5+ 1-0

[Event "Montigny le Bretonneux Noel op 16th"]
[Site "Montigny le Bretonneux"]
[Date "2015.12.28"]
[Round "4"]
[White "Saugrain, Marc Antoine"]
[Black "Le Ny, Bernard"]
[Result "1-0"]
[WhiteElo "1573"]
[BlackElo "1349"]
[PlyCount "87"]
[EventDate "2015.12.27"]
[EventType "swiss"]
[EventRounds "7"]
[EventCountry "FRA"]
[SourceTitle "CBM 170 Extra"]
[Source "ChessBase"]
[SourceDate "2016.02.25"]
[SourceVersion "1"]
[SourceVersionDate "2016.02.25"]
[SourceQuality "1"]

1. e4 e5 2. Nf3 Nc6 3. Bb5 Nge7 4. c3 Nb8 5. Nxe5 c6 6. Bc4 d5 7. exd5 cxd5 8. Bb3 Be6 9. d4 f6 10. Ba4+ Nec6 11. Nf3 Bd6 12. Qe2 Qe7 13. 0-0 0-0 14. Re1 Nd8 15. Bb3 Nbc6 16. Nbd2 Re8 17. Nf1 Qf7 18. Be3 a6 19. Bc2 g6 20. Qd2 b5 21. a3 Na5 22. Qc1 Nc4 23. N1d2 Nxe3 24. fxe3 Nc6 25. Rf1 Qg7 26. e4 Bf4 27. g3 Be3+ 28. Kh1 Bg4 29. Qe1 Bxd2 30. Nxd2 Kh8 31. Qf2 Bh3 32. Rfe1 Rad8 33. exd5 Rxe1+ 34. Rxe1 Ne7 35. Bb3 Nf5 36. Qe2 h5 37. Kg1 Bg4 38. Qg2 Nd6 39. Qf2 f5 40. Qe3 Re8 41. Qf2 Rxe1+ 42. Qxe1 Qf6 43. Qe6 Qd8 44. Qxg6 1-0

[Event "Montigny le Bretonneux Noel op 16th"]
[Site "Montigny le Bretonneux"]
[Date "2015.12.27"]
[Round "2"]
[White "Thomas, Robert"]
[Black "Saugrain, Marc Antoine"]
[Result "0-1"]
[WhiteElo "1345"]
[BlackElo "1573"]
[PlyCount "104"]
[EventDate "2015.12.27"]
[EventType "swiss"]
[EventRounds "7"]
[EventCountry "FRA"]
[SourceTitle "CBM 170 Extra"]
[Source "ChessBase"]
[SourceDate "2016.02.25"]
[SourceVersion "1"]
[SourceVersionDate "2016.02.25"]
[SourceQuality "1"]

1. e4 e6 2. d4 d5 3. e5 c5 4. c3 Nc6 5. Nf3 Qb6 6. a4 cxd4 7. cxd4 Nh6 8. Bb5 a6 9. Bxc6+ bxc6 10. 0-0 Nf5 11. a5 Qc7 12. Nc3 c5 13. Re1 cxd4 14. Nxd4 Nxd4 15. Qxd4 Bc5 16. Qd1 Qa7 17. Rf1 Bd4 18. Qe2 Bd7 19. Be3 Bxe3 20. fxe3 0-0 21. Rfe1 Rab8 22. Na4 Bxa4 23. Rxa4 Rb5 24. Rc1 Rfb8 25. b4 g6 26. Rb1 Qc7 27. Qb2 Qc4 28. Qd4 Qxd4 29. exd4 Rc8 30. Ra2 Rc4 31. Rd2 Rcxb4 32. Rxb4 Rxb4 33. Kf2 Ra4 34. Rb2 Rxa5 35. h4 Ra4 36. Rb8+ Kg7 37. Ke3 Ra3+ 38. Kf2 Rd3 39. Ra8 Rxd4 40. Rxa6 Rxh4 41. Ra3 Re4 42. Kf3 Rxe5 43. Kf4 Re4+ 44. Kf3 Rc4 45. g4 Rc7 46. g5 d4 47. Ke4 Rd7 48. Kd3 e5 49. Ke4 d3 50. Rxd3 Rxd3 51. Kxd3 h6 52. gxh6+ Kxh6 0-1